Máquinas eléctricas /
Guardado en:
| Autor Principal: | |
|---|---|
| Otros Autores: | |
| Formato: | Libro |
| Idioma: | Spanish |
| Publicado: |
Barcelona :
Clarasó,
1968.
|
| Etiquetas: |
Agregar Etiqueta
Sin Etiquetas, Sea el primero en etiquetar este registro!
|
| LEADER | 00481nam a22001575a 4500 | ||
|---|---|---|---|
| 001 | EUN.um034643 | ||
| 003 | AR-BaUNS | ||
| 005 | 20050623122908.0 | ||
| 008 | 041125s1968####sp#a##########000#0#spa#d | ||
| 245 | 1 | 0 | |a Máquinas eléctricas / |c M. Kostenko, L. Piotrovsky. |
| 260 | |a Barcelona : |b Clarasó, |c 1968. | ||
| 300 | |a 2 v. : |b ilus. ; |c 22 x 34 cm. | ||
| 100 | 1 | |a Kostenko, M. | |
| 700 | 1 | |a Piotrovsky, L. | |
| 082 | 0 | 4 | |a 621.313 |
| 859 | |a Ar-BaUNS |b BIB. CENTRAL - Sector C |h 621.313 |i K848 |p 77748/977 |v v.1-3 | ||
